[Event "4NCL Division 3n"]
[Site "Shrigley Hall ENG"]
[Date "2015.01.11"]
[Round "4.55"]
[White "Hackner, Oskar A"]
[Black "Walker, David J"]
[Result "1/2-1/2"]
[WhiteElo "2145"]
[BlackElo "2295"]
[PlyCount "109"]
[EventDate "2015.01.11"]
[WhiteTeam "Bradford DCA Knights A"]
[BlackTeam "North East England 1"]

1. d4 d6 2. e4 g6 3. c4 Bg7 4. Nc3 Nc6 5. Be3 e5 6. d5 Nce7 7. c5 f5 8. cxd6
cxd6 9. f3 Bh6 10. Bxh6 Nxh6 11. Qd2 Nf7 12. Bb5+ Bd7 13. Nge2 O-O 14. Bxd7
Qxd7 15. O-O f4 16. Qd3 Rfc8 17. Rac1 a6 18. b3 g5 19. Na4 Qd8 20. Rxc8 Rxc8
21. Rc1 Rxc1+ 22. Nxc1 g4 23. Ne2 h5 24. Kf1 Ng6 25. g3 Ng5 26. Ng1 fxg3 27.
hxg3 h4 28. gxh4 Nxf3 29. Nxf3 Qf6 30. Qe3 Kh7 31. Ke2 gxf3+ 32. Qxf3 Nf4+ 33.
Kd2 Qxh4 34. Nc3 Qh2+ 35. Kc1 b5 36. a3 Kh6 37. a4 Qg1+ 38. Qd1 Qe3+ 39. Qd2
Qxc3+ 40. Qxc3 Ne2+ 41. Kd2 Nxc3 42. Kxc3 bxa4 43. bxa4 Kg5 44. Kb4 Kf4 45. Ka5
Kxe4 46. Kxa6 Kd4 47. Kb6 e4 48. a5 e3 49. a6 e2 50. a7 e1=Q 51. a8=Q Qb4+ 52.
Kc7 Qc5+ 53. Qc6 Qxd5 54. Qxd6 Qxd6+ 55. Kxd6 1/2-1/2

[Event "4NCL Division 3n"]
[Site "Shrigley Hall ENG"]
[Date "2015.01.11"]
[Round "4.57"]
[White "Jennings, Roger"]
[Black "Dargan, Paul AG"]
[Result "1/2-1/2"]
[WhiteElo "2126"]
[BlackElo "2143"]
[PlyCount "44"]
[EventDate "2015.01.11"]
[WhiteTeam "Bradford DCA Knights A"]
[BlackTeam "North East England 1"]

1. g3 d5 2. Bg2 c5 3. Nf3 Nc6 4. d4 Nf6 5. O-O e6 6. Nc3 Be7 7. Bf4 O-O 8. dxc5
Bxc5 9. Ne5 Bd6 10. Nxc6 bxc6 11. Bg5 h6 12. Bxf6 Qxf6 13. Ne4 Qe7 14. Nxd6
Qxd6 15. c4 Ba6 16. cxd5 cxd5 17. Qd2 Rab8 18. Rfc1 Rfc8 19. e3 Qb6 20. b3 Kf8
21. Bf1 Bxf1 22. Kxf1 Ke7 1/2-1/2

[Event "4NCL Division 3n"]
[Site "Shrigley Hall ENG"]
[Date "2015.01.11"]
[Round "4.58"]
[White "Tavoularis, Nick"]
[Black "Drabble, Andrew"]
[Result "0-1"]
[WhiteElo "2142"]
[BlackElo "2028"]
[PlyCount "94"]
[EventDate "2015.01.11"]
[WhiteTeam "North East England 1"]
[BlackTeam "Bradford DCA Knights A"]

1. d4 e6 2. Nf3 Nf6 3. Bg5 h6 4. Bxf6 Qxf6 5. e4 d6 6. Nc3 g6 7. Bd3 Bg7 8. e5
Qe7 9. Qe2 a6 10. a3 Nd7 11. O-O O-O 12. b4 b6 13. Rab1 Bb7 14. Be4 Bxe4 15.
Qxe4 d5 16. Qe3 Rfc8 17. h3 Ra7 18. Na4 b5 19. Nc5 Nb6 20. Nd2 c6 21. Ncb3 Kh7
22. Na5 Bf8 23. f4 Qd8 24. g4 Nc4 25. Ndxc4 bxc4 26. f5 c5 27. c3 cxd4 28. cxd4
gxf5 29. gxf5 Qg5+ 30. Qxg5 hxg5 31. fxe6 fxe6 32. Rf6 Re7 33. Kf2 Bg7 34. Rf3
Rec7 35. Rc1 Kg6 36. Ke2 Rf7 37. Rxf7 Kxf7 38. Nb7 Ke7 39. Nc5 a5 40. bxa5 Bxe5
41. Nb3 Bf4 42. Rc2 cxb3 43. Rxc8 b2 44. a6 b1=Q 45. a7 Qe4+ 46. Kf1 Qd3+ 47.
Kg2 Qe2+ 0-1

[Event "4NCL Division 3n"]
[Site "Shrigley Hall ENG"]
[Date "2015.01.11"]
[Round "4.59"]
[White "Bak, Andrew"]
[Black "Waters, Clive L"]
[Result "0-1"]
[WhiteElo "2062"]
[BlackElo "2134"]
[PlyCount "42"]
[EventDate "2015.01.11"]
[WhiteTeam "Bradford DCA Knights A"]
[BlackTeam "North East England 1"]

1. d4 Nf6 2. Nf3 g6 3. c4 Bg7 4. Nc3 O-O 5. e4 c6 6. e5 Ne8 7. Be3 d6 8. exd6
Nxd6 9. Be2 Bg4 10. Qd3 Nd7 11. O-O Nf5 12. Rfd1 Nxe3 13. fxe3 e5 14. d5 Qb6
15. Kh1 e4 16. Nxe4 Bf5 17. Nfd2 Nc5 18. Qc2 cxd5 19. cxd5 Rac8 20. Nc4 Nxe4
21. Bd3 Rxc4 0-1

[Event "4NCL Division 3n"]
[Site "Shrigley Hall ENG"]
[Date "2015.01.11"]
[Round "4.60"]
[White "Coathup, Roger H"]
[Black "Gardiner, Eric"]
[Result "1-0"]
[WhiteElo "2102"]
[BlackElo "2011"]
[PlyCount "145"]
[EventDate "2015.01.11"]
[WhiteTeam "North East England 1"]
[BlackTeam "Bradford DCA Knights A"]

1. d4 d5 2. c4 dxc4 3. e3 Nf6 4. Bxc4 e6 5. Nf3 c5 6. O-O a6 7. Bb3 b5 8. dxc5
Qxd1 9. Rxd1 Bxc5 10. a4 b4 11. Nbd2 Nc6 12. a5 Bb7 13. Nc4 Ke7 14. Bd2 Ne4 15.
Be1 Rhd8 16. Nfe5 Nxe5 17. Nxe5 Rab8 18. Rac1 Ba8 19. Rxd8 Rxd8 20. Bc4 Nd2 21.
Bxd2 Rxd2 22. Bxa6 Bd6 23. Nc4 Rd5 24. Ra1 Bc7 25. Nb6 Rd8 26. Rc1 Be5 27. Nc4
Bf6 28. f3 Bd5 29. e4 Bxc4 30. Bxc4 Bxb2 31. Rb1 Bc3 32. a6 Rc8 33. Bb5 Rb8 34.
Bc6 b3 35. Kf1 Bd4 36. Ke2 b2 37. e5 Rc8 38. Be4 Rc1 39. a7 Bxa7 40. Rxb2 Rc7
41. f4 g6 42. Bd3 Bd4 43. Rb4 Bc3 44. Rb3 h6 45. h4 h5 46. Be4 Bd4 47. Rb4 Bc3
48. Rb8 Bd4 49. Bd3 Rd7 50. Ra8 Rb7 51. Bc2 Bb6 52. Ba4 f6 53. exf6+ Kxf6 54.
Bc2 Bc5 55. g3 Kg7 56. Ra5 Bb4 57. Rg5 Rc7 58. Rxg6+ Kf7 59. Bd3 Rc5 60. Rh6
Bc3 61. Bg6+ Kg7 62. Rxh5 Rxh5 63. Bxh5 Kf6 64. Bg4 e5 65. f5 Bb2 66. Bh3 Bc1
67. g4 Bf4 68. Kf3 Kf7 69. g5 Kg7 70. Bg2 Kf7 71. Kg4 Kg7 72. f6+ Kf7 73. Kf5
1-0

[Event "4NCL Division 3n"]
[Site "Shrigley Hall ENG"]
[Date "2015.01.11"]
[Round "4.65"]
[White "Somerset, William"]
[Black "Doran, Chris"]
[Result "0-1"]
[WhiteElo "2005"]
[BlackElo "2006"]
[PlyCount "73"]
[EventDate "2015.01.11"]
[WhiteTeam "Bradford DCA Knights B"]
[BlackTeam "Holmes Chapel"]

1. d4 Nf6 2. c4 g6 3. Nc3 Bg7 4. e4 d6 5. Nf3 O-O 6. Be2 e5 7. d5 a5 8. Bg5 h6
9. Be3 Ng4 10. Bd2 f5 11. h3 Nf6 12. exf5 gxf5 13. Qc1 f4 14. g3 e4 15. Nh4 f3
16. Bxh6 Rf7 17. Qg5 fxe2 18. g4 Qe7 19. Nf5 Bxf5 20. gxf5 Kf8 21. Rg1 Bxh6 22.
Qxh6+ Ke8 23. Nxe2 Nbd7 24. Nf4 Ne5 25. Ng6 Nxg6 26. fxg6 Rg7 27. Qg5 Nd7 28.
Qh6 Ne5 29. O-O-O Kd7 30. Rg3 Rag8 31. Rdg1 Qf6 32. h4 Nd3+ 33. Rxd3 exd3 34.
Qe3 Rxg6 35. Re1 Rg1 36. Qh3+ Kd8 37. Rf1 0-1

[Event "4NCL Division 3n"]
[Site "Shrigley Hall ENG"]
[Date "2015.01.11"]
[Round "4.67"]
[White "Nicholson, Jim WR"]
[Black "Turner, John M"]
[Result "1/2-1/2"]
[WhiteElo "2002"]
[BlackElo "2037"]
[PlyCount "165"]
[EventDate "2015.01.11"]
[WhiteTeam "Bradford DCA Knights B"]
[BlackTeam "Holmes Chapel"]

1. d4 d5 2. Nf3 Nf6 3. e3 Bf5 4. c4 c6 5. Nc3 e6 6. Bd3 Bxd3 7. Qxd3 Nbd7 8.
O-O Be7 9. b3 O-O 10. Bb2 Qc7 11. Rac1 Rad8 12. cxd5 exd5 13. Nd2 Rfe8 14. f4
Bb4 15. Nf3 Bxc3 16. Bxc3 Ne4 17. Be1 Rf8 18. Bh4 Rde8 19. b4 f6 20. Nd2 Nxd2
21. Qxd2 Nb6 22. Rf3 Nc4 23. Qd3 f5 24. Rh3 Qf7 25. Bf2 Re4 26. Rc3 Rfe8 27.
Qd1 R8e6 28. a3 Qe8 29. Qc1 b5 30. Rf3 Qe7 31. h3 Kf8 32. Kh2 Ke8 33. Rg3 Qf7
34. Qd1 Kf8 35. Bg1 Re8 36. Bf2 R4e6 37. Qc2 Re4 38. Qd1 Kg8 39. Qc2 Kh8 40.
Qd1 R8e6 41. Qc2 Rg6 42. Rxg6 Qxg6 43. Qd1 Qe8 44. Qc2 g6 45. Qc1 Kg7 46. Qc2
Qe6 47. Qc1 Kf7 48. Qc2 Ke8 49. Qc1 Kd7 50. Kg1 Kc7 51. Kh2 Kb7 52. Kg1 Qe7 53.
h4 h5 54. Kh2 Kc8 55. Kg1 Kd7 56. Kh2 Ke8 57. Kg1 Kf7 58. Kh2 Kg7 59. Kg1 Kh6
60. Kh2 Qc7 61. Qd1 Re8 62. Qf3 Qe7 63. Qe2 Qe4 64. Qd3 Qxd3 65. Rxd3 Kg7 66.
Kg3 Kf7 67. Kf3 Ke7 68. Be1 Kd7 69. Kf2 Kc7 70. Kg3 Kb6 71. Kf2 Ra8 72. Kf3 a5
73. bxa5+ Nxa5 74. Bb4 Nb7 75. Ke2 Re8 76. Kf3 Re6 77. Ke2 Nd6 78. Kf3 Nc4 79.
Ke2 Re8 80. Kf3 Rd8 81. Rd1 Rd7 82. Rc1 Rc7 83. Rd1 1/2-1/2

[Event "4NCL Division 3n"]
[Site "Shrigley Hall ENG"]
[Date "2015.01.11"]
[Round "4.68"]
[White "Lowick Higgie, Charles"]
[Black "McCarthy, Damian"]
[Result "1-0"]
[WhiteElo "1846"]
[BlackElo "1829"]
[PlyCount "119"]
[EventDate "2015.01.11"]
[WhiteTeam "Holmes Chapel"]
[BlackTeam "Bradford DCA Knights B"]

1. d4 Nf6 2. c4 e6 3. Nc3 Bb4 4. e3 O-O 5. Bd3 d5 6. Nf3 c5 7. a3 Bxc3+ 8. bxc3
dxc4 9. Bxc4 Nbd7 10. O-O Qc7 11. Qe2 cxd4 12. cxd4 b6 13. Bb2 Bb7 14. Rac1 Qd6
15. Ne5 Rac8 16. f3 Qb8 17. Nxd7 Nxd7 18. e4 Rfd8 19. Bb5 Nf8 20. g3 Qd6 21.
Rce1 Qe7 22. f4 Qc7 23. Bd3 Nd7 24. Qh5 f6 25. Rc1 Qb8 26. Bc4 Bxe4 27. Bxe6+
Kh8 28. f5 Rc2 29. Rxc2 Bxc2 30. Rc1 Ba4 31. Qf7 Qb7 32. Qe7 Qb8 33. Qb4 b5 34.
Qe7 b4 35. Qxb4 Nf8 36. Qxb8 Rxb8 37. Rc8 Rxc8 38. Bxc8 g6 39. d5 Kg7 40. g4
Nd7 41. Bd4 Nb6 42. Be6 gxf5 43. gxf5 Nc4 44. Bxa7 Nxa3 45. d6 Nc2 46. d7 Bxd7
47. Bxd7 Nb4 48. Kf2 Nd3+ 49. Ke3 Ne5 50. Bb5 h6 51. Ke4 Nf7 52. Kd5 Ng5 53.
Kd6 Nf3 54. h3 Ng5 55. h4 Nf3 56. h5 Nd2 57. Bd3 Nf3 58. Ke6 Ne5 59. Be2 Nc6
60. Bb6 1-0

[Event "4NCL Division 3n"]
[Site "Shrigley Hall ENG"]
[Date "2015.01.11"]
[Round "4.70"]
[White "Roberts, Malcolm A"]
[Black "Johnson, Paul"]
[Result "0-1"]
[WhiteElo "1856"]
[BlackElo "1904"]
[PlyCount "70"]
[EventDate "2015.01.11"]
[WhiteTeam "Holmes Chapel"]
[BlackTeam "Bradford DCA Knights B"]

1. e4 e5 2. Nf3 Nc6 3. Nc3 Nf6 4. Bc4 Bc5 5. O-O d6 6. h3 h6 7. d3 O-O 8. a3 a5
9. Ne2 Qe7 10. Ng3 Be6 11. Bxe6 fxe6 12. Be3 Nd7 13. c3 d5 14. Qb3 d4 15. cxd4
exd4 16. Bd2 Kh7 17. Qxb7 Nde5 18. Nxe5 Nxe5 19. Qb3 Rf3 20. Rad1 Rxd3 21. Qb7
Rf8 22. Bxa5 Rxd1 23. Rxd1 d3 24. Be1 Qf7 25. Nh1 Qh5 26. Qb3 Qe2 27. Kh2 d2
28. Bxd2 Bxf2 29. Ng3 Bxg3+ 30. Kxg3 Qf2+ 31. Kh2 Nf3+ 32. Kh1 Nxd2 33. Qd3 Nf1
34. e5+ Kh8 35. Qc4 Ne3 0-1

[Event "4NCL Division 3n"]
[Site "Shrigley Hall ENG"]
[Date "2015.01.11"]
[Round "4.75"]
[White "White, Mark W"]
[Black "Hamer, Martyn"]
[Result "1/2-1/2"]
[WhiteElo "2078"]
[BlackElo "2014"]
[PlyCount "55"]
[EventDate "2015.01.11"]
[WhiteTeam "Jorvik"]
[BlackTeam "Manchester Manticores 2"]

1. e4 Nf6 2. e5 Nd5 3. d4 d6 4. Nf3 Bg4 5. Be2 c6 6. O-O Bxf3 7. Bxf3 dxe5 8.
dxe5 e6 9. Be4 Nd7 10. f4 Qb6+ 11. Kh1 Ne3 12. Bxe3 Qxe3 13. Qf3 Bc5 14. Nc3
Qxf3 15. Bxf3 O-O-O 16. Ne4 Be7 17. a4 Nc5 18. a5 Nxe4 19. Bxe4 Rd4 20. Bd3 g6
21. g3 a6 22. Kg2 h5 23. Kf3 Bb4 24. Ra4 Rhd8 25. Ke2 Be7 26. Rxd4 Rxd4 27. Ra1
Bd8 28. c3 1/2-1/2

[Event "4NCL Division 3n"]
[Site "Shrigley Hall ENG"]
[Date "2015.01.11"]
[Round "4.76"]
[White "Mulleady, Peter.J"]
[Black "Mounce, Richard B"]
[Result "1/2-1/2"]
[WhiteElo "1908"]
[BlackElo "2040"]
[PlyCount "90"]
[EventDate "2015.01.11"]
[WhiteTeam "Manchester Manticores 2"]
[BlackTeam "Jorvik"]

1. d4 Nf6 2. Bf4 c5 3. d5 Qb6 4. Be5 d6 5. Bxf6 gxf6 6. b3 Bg7 7. e3 f5 8. c3
Na6 9. Ne2 Bd7 10. Nf4 Qa5 11. Qc1 Rg8 12. Be2 Nc7 13. O-O Nb5 14. Bxb5 Bxb5
15. Rd1 O-O-O 16. a4 Bd7 17. Ra2 Kb8 18. Qd2 Rc8 19. c4 Qxd2 20. Nxd2 Bh8 21.
Nf3 Rg4 22. h3 Rgg8 23. Re2 Kc7 24. e4 fxe4 25. Rxe4 Rce8 26. Rde1 Kd8 27. Kh2
Bf5 28. R4e2 Bc3 29. Rc1 Bf6 30. Nh5 Bh8 31. Rd1 h6 32. Nh4 Bh7 33. f4 Bg6 34.
Ng3 Bf6 35. Nxg6 Rxg6 36. Nh5 Bd4 37. f5 Rg5 38. g4 Be5+ 39. Kg2 Reg8 40. Kf3
Rxh5 41. gxh5 Rg3+ 42. Ke4 Rxb3 43. Rg2 Rxh3 44. Rg8+ Kc7 45. Ra8 Rh4+ 1/2-1/2

[Event "4NCL Division 3n"]
[Site "Shrigley Hall ENG"]
[Date "2015.01.11"]
[Round "4.77"]
[White "Cowan, Richard M"]
[Black "Newton, Robert"]
[Result "0-1"]
[WhiteElo "1878"]
[BlackElo "2025"]
[PlyCount "110"]
[EventDate "2015.01.11"]
[WhiteTeam "Jorvik"]
[BlackTeam "Manchester Manticores 2"]

1. e4 g6 2. d4 Bg7 3. f4 c5 4. c3 cxd4 5. cxd4 d5 6. e5 h5 7. Nc3 a6 8. Bd3 Nh6
9. Nf3 Nc6 10. Qb3 e6 11. Bd2 Nf5 12. Ne2 Rb8 13. Rc1 Bd7 14. O-O b5 15. Bb4
Nxb4 16. Qxb4 Bf8 17. Qd2 a5 18. Rc2 Bb4 19. Nc3 Qb6 20. Qf2 Be7 21. Ne2 h4 22.
Rfc1 b4 23. Kh1 a4 24. b3 axb3 25. axb3 Ra8 26. g4 hxg3 27. Nxg3 Ra3 28. Nxf5
exf5 29. Nd2 Rh3 30. Bf1 Rc3 31. h3 Bb5 32. Bg2 Rxc2 33. Rxc2 Bd3 34. Rc1 Be4
35. Bxe4 fxe4 36. f5 gxf5 37. Qxf5 Qe6 38. Qh5 Bd8 39. Qh8+ Kd7 40. Qh5 Ra2 41.
Rd1 Rb2 42. Nf1 Rxb3 43. h4 Qg6 44. Qe2 Rd3 45. Ne3 Bxh4 46. Ra1 Bd8 47. Ra7+
Ke8 48. Ng2 Qh6+ 49. Kg1 Qg6 50. Qc2 b3 51. Qc8 Qe6 52. Qb7 Rd1+ 53. Kh2 Qh6+
54. Kg3 Rd3+ 55. Kf2 Bh4+ 0-1

[Event "4NCL Division 3n"]
[Site "Shrigley Hall ENG"]
[Date "2015.01.11"]
[Round "4.78"]
[White "Evans, Paul.A"]
[Black "Nezis, Anastasios"]
[Result "1-0"]
[WhiteElo "1948"]
[BlackElo "1928"]
[PlyCount "121"]
[EventDate "2015.01.11"]
[WhiteTeam "Manchester Manticores 2"]
[BlackTeam "Jorvik"]

1. e4 c5 2. d4 cxd4 3. c3 d5 4. exd5 Qxd5 5. cxd4 Nc6 6. Nf3 Nf6 7. Nc3 Qd6 8.
d5 Nb4 9. Bc4 e6 10. O-O Nbxd5 11. Nb5 Qc6 12. b3 Be7 13. Ba3 Qb6 14. Bxe7 Kxe7
15. Qc1 Kf8 16. Qa3+ Kg8 17. Rac1 Bd7 18. Nd6 Be8 19. Rfd1 Rd8 20. Nxe8 Rxe8
21. Bxd5 Nxd5 22. Qa4 Rd8 23. Qc4 g6 24. h4 h5 25. Qe4 Qd6 26. Ne5 Qe7 27. Rd3
Kg7 28. Rg3 Qf6 29. Rf3 Qe7 30. Nxf7 Nf6 31. Rxf6 Qxf6 32. Nxd8 Rxd8 33. Qxb7+
Kh6 34. Qxa7 Rd4 35. Qb6 Qxh4 36. Qxe6 Re4 37. Qd6 Re7 38. Qd2+ Kh7 39. Re1 Rf7
40. a4 Qg4 41. Qe2 Qb4 42. Qe6 Rb7 43. Re3 Qd2 44. Qc4 Qd1+ 45. Qf1 Qc2 46. Qe1
Qc5 47. a5 Qa3 48. b4 Qxb4 49. Qxb4 Rxb4 50. Ra3 Rb1+ 51. Kh2 Rb7 52. a6 Ra7
53. Kg3 Kg7 54. Kf4 Kf6 55. Ke4 Ke6 56. Ra5 Kd6 57. Rg5 Re7+ 58. Kd4 Kc6 59.
Rxg6+ Kc7 60. f4 h4 61. f5 1-0

[Event "4NCL Division 3n"]
[Site "Shrigley Hall ENG"]
[Date "2015.01.11"]
[Round "4.79"]
[White "Flint, Martina"]
[Black "Burns, Martin"]
[Result "0-1"]
[WhiteElo "1836"]
[BlackElo "1875"]
[PlyCount "96"]
[EventDate "2015.01.11"]
[WhiteTeam "Jorvik"]
[BlackTeam "Manchester Manticores 2"]

1. f4 d5 2. g3 Nf6 3. Bg2 g6 4. Nf3 Bg7 5. c3 O-O 6. O-O c6 7. h3 Nbd7 8. Kh2
Nh5 9. d4 Qc7 10. Qe1 Nb6 11. Ne5 f6 12. Nd3 f5 13. Nd2 Nf6 14. Ne5 Be6 15. Nb3
Nbd7 16. Nd2 Rac8 17. Ndf3 Ne4 18. Nxd7 Bxd7 19. Ne5 Be6 20. Bf3 c5 21. e3 b5
22. g4 a5 23. Rg1 b4 24. Rg2 bxc3 25. bxc3 Rb8 26. Ba3 Bxe5 27. fxe5 Ng5 28.
Be2 fxg4 29. hxg4 Rf3 30. Bxc5 Rxe3 31. Rg3 Rxg3 32. Qxg3 Ne4 33. Qe3 Nxc5 34.
dxc5 Rc8 35. Kg2 Qxc5 36. Qg5 Rf8 37. Rf1 Rxf1 38. Kxf1 Kg7 39. Qd2 Qc8 40. Qd4
Qb8 41. Qc5 Kf7 42. Qxa5 Qxe5 43. Qb4 d4 44. cxd4 Qf4+ 45. Kg2 Bd5+ 46. Kg1
Qg3+ 47. Kf1 Bg2+ 48. Kg1 Bh3+ 0-1

[Event "4NCL Division 3n"]
[Site "Shrigley Hall ENG"]
[Date "2015.01.11"]
[Round "4.80"]
[White "Lyth, John.D"]
[Black "Anderson, Paul W"]
[Result "1-0"]
[WhiteElo "2026"]
[BlackElo "1876"]
[PlyCount "63"]
[EventDate "2015.01.11"]
[WhiteTeam "Manchester Manticores 2"]
[BlackTeam "Jorvik"]

1. d4 d5 2. Nf3 Nf6 3. c4 dxc4 4. Nc3 e6 5. e3 c5 6. Bxc4 cxd4 7. exd4 Be7 8.
O-O O-O 9. Qe2 Nc6 10. Rd1 Na5 11. Bd3 b6 12. Bg5 Bb7 13. Rac1 Rc8 14. Bb1 Re8
15. Ne5 g6 16. Bf4 Nh5 17. Be3 Bg5 18. Qd2 Bxe3 19. fxe3 Nc4 20. Nxc4 Rxc4 21.
a3 a6 22. Qe2 Rc7 23. Bd3 Qa8 24. Qf2 b5 25. Rf1 Rf8 26. g4 Ng7 27. Nd5 Rxc1
28. Nf6+ Kh8 29. Rxc1 Qd8 30. Qh4 h5 31. Qg5 Nf5 32. gxf5 1-0

[Event "4NCL Division 3n"]
[Site "Shrigley Hall ENG"]
[Date "2015.01.11"]
[Round "4.87"]
[White "Cooper, John G"]
[Black "Hilton, Tim"]
[Result "*"]
[WhiteElo "2036"]
[BlackElo "1777"]
[PlyCount "87"]
[EventDate "2015.01.11"]
[WhiteTeam "Spirit of Atticus B"]
[BlackTeam "Manchester Manticores 3"]

1. e4 Nc6 2. d4 e5 3. d5 Nce7 4. Nf3 Ng6 5. Be3 Nf6 6. Bd3 Bb4+ 7. c3 Ba5 8.
Na3 Bb6 9. Nc4 Bxe3 10. Nxe3 d6 11. h4 h5 12. Ng5 Ng4 13. g3 c6 14. Nf5 Bxf5
15. exf5 Ne7 16. dxc6 bxc6 17. Qe2 Qc7 18. f3 Nf6 19. O-O Rb8 20. b3 O-O 21. c4
c5 22. Be4 a5 23. Rad1 Rfd8 24. Rd3 Qd7 25. g4 hxg4 26. fxg4 Nc6 27. Nxf7 Kxf7
28. g5 Rh8 29. gxf6 gxf6 30. Bd5+ Ke7 31. Qg2 Nb4 32. Rg3 Kd8 33. Be6 Qc6 34.
Rg8+ Rxg8 35. Qxg8+ Kc7 36. Qf7+ Kb6 37. Qxf6 Qe4 38. Qg5 Qd4+ 39. Kh1 Qe4+ 40.
Kh2 Rh8 41. h5 Qe2+ 42. Kg1 Nd3 43. Bf7 Nf4 44. Rxf4 *

[Event "4NCL Division 3n"]
[Site "Shrigley Hall ENG"]
[Date "2015.01.11"]
[Round "4.88"]
[White "Coward, Neil"]
[Black "Johnson, Michael D"]
[Result "1/2-1/2"]
[WhiteElo "1792"]
[BlackElo "2047"]
[PlyCount "84"]
[EventDate "2015.01.11"]
[WhiteTeam "Manchester Manticores 3"]
[BlackTeam "Spirit of Atticus B"]

1. e4 e6 2. d4 d5 3. exd5 exd5 4. Nf3 Nf6 5. Bd3 Bd6 6. O-O O-O 7. h3 Re8 8.
Re1 Rxe1+ 9. Qxe1 Nbd7 10. Nbd2 Nf8 11. Nf1 Bd7 12. Bg5 Ne6 13. Bh4 Nf4 14. Qd2
Nxd3 15. Qxd3 Be7 16. Ne3 c6 17. Ne5 Ne4 18. Bxe7 Qxe7 19. Nxd7 Qxd7 20. Re1
Re8 21. c3 Re6 22. Ng4 f6 23. f3 Ng5 24. Rxe6 Qxe6 25. Qe3 Qf7 26. Qf4 h5 27.
Ne3 Qg6 28. Qf5 Kh7 29. Qxg6+ Kxg6 30. c4 dxc4 31. Nxc4 b6 32. Kf2 Nf7 33. Ke3
Kf5 34. g4+ hxg4 35. hxg4+ Ke6 36. Kd3 g6 37. Ne3 f5 38. gxf5+ gxf5 39. Kc4 Ng5
40. f4 Ne4 41. d5+ cxd5+ 42. Nxd5 Nd2+ 1/2-1/2

[Event "4NCL Division 3n"]
[Site "Shrigley Hall ENG"]
[Date "2015.01.11"]
[Round "4.89"]
[White "Mort, Andrew J"]
[Black "Collins, Richard.A"]
[Result "1/2-1/2"]
[WhiteElo "1962"]
[BlackElo "1810"]
[PlyCount "71"]
[EventDate "2015.01.11"]
[WhiteTeam "Spirit of Atticus B"]
[BlackTeam "Manchester Manticores 3"]

1. c4 e5 2. g3 Nf6 3. Bg2 d6 4. d4 c6 5. Nc3 Be7 6. e4 exd4 7. Qxd4 Nbd7 8.
Nge2 Qb6 9. O-O Qxd4 10. Nxd4 Nb6 11. b3 O-O 12. Bb2 Rd8 13. Rfd1 g6 14. Rd2
Ne8 15. Rad1 Bg4 16. f3 Be6 17. Ba3 c5 18. Nde2 a6 19. Nf4 Bf6 20. Bb2 Kf8 21.
Nce2 Bxb2 22. Rxb2 Rab8 23. Rbd2 Ke7 24. Nc3 Nc7 25. h4 Rd7 26. Re2 Rdd8 27.
Kh2 f6 28. Nxe6 Kxe6 29. Bh3+ Kf7 30. f4 Ne6 31. Bxe6+ Kxe6 32. a4 Rd7 33. Kg2
Rbd8 34. Kf3 Nc8 35. Nd5 Ne7 36. Nxe7 1/2-1/2

[Event "4NCL Division 3n"]
[Site "Shrigley Hall ENG"]
[Date "2015.01.11"]
[Round "4.90"]
[White "Livesey, Nigel.R"]
[Black "Miles, Richard"]
[Result "0-1"]
[WhiteElo "1895"]
[BlackElo "1999"]
[PlyCount "88"]
[EventDate "2015.01.11"]
[WhiteTeam "Manchester Manticores 3"]
[BlackTeam "Spirit of Atticus B"]

1. c4 Nf6 2. g3 g6 3. Bg2 Bg7 4. Nc3 O-O 5. e4 d6 6. Nge2 c5 7. O-O Nc6 8. d3
Nd4 9. Nxd4 cxd4 10. Ne2 Ne8 11. b4 Rb8 12. Bb2 e5 13. Ba3 b5 14. cxb5 Rxb5 15.
f4 Bb7 16. fxe5 dxe5 17. Bh3 Nd6 18. g4 Qh4 19. Rf3 Kh8 20. Rg3 Qd8 21. g5 Qb6
22. Bd7 Bc6 23. Bxc6 Qxc6 24. Rc1 Qb7 25. Rg2 f5 26. gxf6 Bh6 27. Rc5 Be3+ 28.
Kh1 Rxf6 29. Bc1 Bxc1 30. Qxc1 Rxb4 31. Qg5 Rf1+ 32. Ng1 Nf7 33. Qh4 Kg7 34.
Rf2 Rxf2 35. Qxf2 Rb2 36. Rc2 Rxc2 37. Qxc2 Qb4 38. Qe2 Ng5 39. h4 Nf7 40. Nf3
Qe7 41. Qh2 Qf6 42. Kg2 Qa6 43. Kg1 Qxd3 44. Nxe5 Qb1+ 0-1

[Event "4NCL Division 3n"]
[Site "Shrigley Hall ENG"]
[Date "2015.01.11"]
[Round "4.95"]
[White "Patrick, David A"]
[Black "Cartlidge, Alex J"]
[Result "1-0"]
[WhiteElo "1880"]
[BlackElo "1885"]
[PlyCount "93"]
[EventDate "2015.01.11"]
[WhiteTeam "Bradford DCA Knights C"]
[BlackTeam "Cheddleton 3"]

1. e4 g6 2. d4 Bg7 3. Nc3 c5 4. dxc5 Bxc3+ 5. bxc3 Qa5 6. Qd4 Nf6 7. Qb4 Nc6 8.
Qxa5 Nxa5 9. Bd3 O-O 10. Ne2 b6 11. cxb6 axb6 12. Be3 b5 13. Bxb5 Nxe4 14. O-O
d6 15. f3 Nf6 16. Rfd1 Be6 17. Bg5 Kg7 18. Nd4 Bc4 19. a4 h6 20. Bxf6+ Kxf6 21.
Re1 e6 22. Kf2 Rfc8 23. Reb1 d5 24. Bxc4 Nxc4 25. Ke2 Ra6 26. Nb5 Ra5 27. Rb4
Raa8 28. Nd4 Na5 29. Kd3 Ke7 30. Rb6 Rcb8 31. Rb4 Rc8 32. Rab1 Ra6 33. Rb8 Ra8
34. Rxa8 Rxa8 35. Rb4 Nc4 36. f4 Ra6 37. Nf3 Kf6 38. Kd4 Na3 39. Ne1 Ra5 40.
Kd3 Nc4 41. Nf3 Ra6 42. Nd2 Na5 43. Rb1 Kf5 44. Ke3 h5 45. Kf3 f6 46. Nb3 Nc4
47. Nd4# 1-0

[Event "4NCL Division 3n"]
[Site "Shrigley Hall ENG"]
[Date "2015.01.11"]
[Round "4.96"]
[White "Sizeland, Chris M"]
[Black "Dean, Robert A"]
[Result "1-0"]
[WhiteElo "1761"]
[BlackElo "1864"]
[PlyCount "73"]
[EventDate "2015.01.11"]
[WhiteTeam "Cheddleton 3"]
[BlackTeam "Bradford DCA Knights C"]

1. d4 d5 2. Bg5 c5 3. e3 Nc6 4. c3 cxd4 5. exd4 Nf6 6. Nd2 e6 7. Bd3 Be7 8.
Ngf3 h6 9. Bxf6 Bxf6 10. Qe2 Qb6 11. O-O-O Bd7 12. Kb1 a5 13. Ne5 Nxe5 14. dxe5
Be7 15. Ka1 a4 16. a3 Rc8 17. Rc1 Bg5 18. Rhf1 Bxd2 19. Qxd2 Bb5 20. f4 O-O 21.
g4 Bc4 22. f5 Qb5 23. Bxc4 dxc4 24. Rce1 Rfd8 25. Qf4 Qc6 26. h4 Kh7 27. h5 Rd7
28. f6 gxf6 29. Qxf6 Rg8 30. g5 hxg5 31. Rg1 g4 32. Rg3 Qd5 33. Qf4 Qd2 34.
Qe4+ Kh8 35. Reg1 Rd3 36. Rxg4 Rxg4 37. Qxg4 1-0

[Event "4NCL Division 3n"]
[Site "Shrigley Hall ENG"]
[Date "2015.01.11"]
[Round "4.97"]
[White "Bramson, Mike"]
[Black "Armstrong, William G"]
[Result "1/2-1/2"]
[WhiteElo "1830"]
[BlackElo "1849"]
[PlyCount "63"]
[EventDate "2015.01.11"]
[WhiteTeam "Bradford DCA Knights C"]
[BlackTeam "Cheddleton 3"]

1. e4 e5 2. Nc3 Bc5 3. Bc4 d6 4. d3 Nc6 5. Nf3 Bg4 6. h3 Bh5 7. g4 Bg6 8. Nd5
Na5 9. b4 Nxc4 10. bxc5 Na5 11. Ba3 Nc6 12. Qd2 f6 13. Nh4 Nge7 14. Nxc7+ Qxc7
15. cxd6 Qd7 16. dxe7 Nxe7 17. Bxe7 Qxe7 18. Nf5 Bxf5 19. gxf5 Rc8 20. O-O g5
21. Rab1 b6 22. d4 exd4 23. Qxd4 O-O 24. Qe3 Qe5 25. Rbd1 Rc4 26. f4 Qxe4 27.
Qxe4 Rxe4 28. fxg5 fxg5 29. Rd5 Rf6 30. Rfd1 Ra4 31. Re1 Rf4 32. Re7 1/2-1/2

[Event "4NCL Division 3n"]
[Site "Shrigley Hall ENG"]
[Date "2015.01.11"]
[Round "4.98"]
[White "Boswell, Jacob C"]
[Black "Mahoney, Nicholas"]
[Result "1-0"]
[WhiteElo "1616"]
[BlackElo "1764"]
[PlyCount "87"]
[EventDate "2015.01.11"]
[WhiteTeam "Cheddleton 3"]
[BlackTeam "Bradford DCA Knights C"]

1. e4 c5 2. Nf3 e6 3. d4 cxd4 4. Nxd4 Nc6 5. c4 Qb6 6. Be3 Qxb2 7. Nb5 Bb4+ 8.
Nd2 Qe5 9. f4 Qb8 10. Rc1 a6 11. Nc3 d6 12. Qg4 Kf8 13. Na4 Nf6 14. Qf3 Qc7 15.
Nb6 Rb8 16. Bd3 Ba5 17. c5 dxc5 18. Bxc5+ Kg8 19. Nbc4 Bxd2+ 20. Nxd2 Qa5 21.
Bb1 e5 22. fxe5 Nxe5 23. Qf4 Nc6 24. O-O Be6 25. Nb3 Qd8 26. Rcd1 Qe8 27. Nd4
Bc4 28. Rfe1 Qe5 29. Nxc6 Qxf4 30. Ne7+ Kf8 31. Ng6+ Ke8 32. Nxf4 Nd7 33. Bd4
f6 34. a3 Ne5 35. Rc1 b5 36. Nd5 Kf7 37. Ne3 Nd3 38. Bxd3 Bxd3 39. Nd5 Rhe8 40.
Rc7+ Kg8 41. e5 Rbd8 42. Ne7+ Kf8 43. Bc5 Bc4 44. Nc6+ 1-0